| 000 | 00870nam a2200241 i 4500 | ||
|---|---|---|---|
| 999 |
_c200439545 _d57757 |
||
| 003 | TR-AnTOB | ||
| 005 | 20220623111942.0 | ||
| 007 | ta | ||
| 008 | 210216b tu 000 0 tur d | ||
| 040 |
_aTR-AnTOB _beng _erda _cTR-AnTOB |
||
| 041 | 0 | _atur | |
| 050 | 1 |
_aHC492 _b.İ96 |
|
| 090 |
_aTOBBK HC492 _b.İ96 |
||
| 245 | 0 | 0 |
_aİzmir İktisat Kongresi ; 22-25 Ekim 1991 : _byirmibirinci yüzyıla doğru sayılarla Türkiye / _cHazırlayan Ufuk Serdaroğlu. |
| 264 | 1 |
_a[Place of publication not identified] _bMaya Matbaacılık, _c[date of publication not identified] |
|
| 300 |
_a49 pages : _btables, graphics ; _c12 cm |
||
| 336 |
_atext _btxt _2rdacontent |
||
| 337 |
_aunmediated _bn _2rdamedia |
||
| 338 |
_avolume _bnc _2rdacarrier |
||
| 651 | 7 |
_aTürkiye _xEkonomik durum _y20. yüzyıl _965112 |
|
| 942 |
_2z _cBK |
||